[Event "ISL-chT2 1011"]
[Site "Reykjavik"]
[Date "2010.10.08"]
[Round "1.3"]
[White "Finnlaugsson, Gunnar"]
[Black "Fridjonsson, Julius"]
[Result "0-1"]
[WhiteElo "2072"]
[BlackElo "2179"]
[PlyCount "58"]
[EventDate "2010.10.08"]
[EventType "team"]
[EventRounds "7"]
[EventCountry "ISL"]
[SourceTitle "EXT 2014"]
[Source "ChessBase"]
[SourceDate "2013.11.20"]
[SourceVersion "1"]
[SourceVersionDate "2013.11.20"]
[SourceQuality "1"]

1. e4 c5 2. Nf3 d6 3. d4 cxd4 4. Nxd4 Nf6 5. Nc3 e6 6. g3 Be7 7. Bg2 0-0 8. 0-0 a6 9. a4 Bd7 10. h3 Nc6 11. Nde2 Rb8 12. g4 h6 13. b3 b5 14. axb5 axb5 15. Ng3 Qc7 16. Re1 Ne5 17. Bb2 Ng6 18. Qd2 Rfc8 19. Rac1 Bc6 20. Nce2 d5 21. Nd4 Ba8 22. e5 Ne4 23. Nxe4 dxe4 24. Rcd1 Bg5 25. Qb4 e3 26. fxe3 Bxg2 27. Kxg2 Qxe5 28. Qd2 Qe4+ 29. Kh2 e5 0-1

[Event "ISL-chT 0910"]
[Site "Reykjavik"]
[Date "2010.03.06"]
[Round "7"]
[White "Thorgeirsson, Sverrir"]
[Black "Fridjonsson, Julius"]
[Result "1/2-1/2"]
[WhiteElo "2142"]
[BlackElo "2216"]
[PlyCount "36"]
[EventDate "2009.09.25"]
[EventType "team-tourn"]
[EventRounds "7"]
[EventCountry "ISL"]
[SourceTitle "EXT 2011"]
[Source "ChessBase"]
[SourceDate "2010.11.26"]
[SourceVersion "1"]
[SourceVersionDate "2010.11.26"]
[SourceQuality "1"]

1. d4 d5 2. Nf3 Nf6 3. e3 c6 4. Bd3 Bg4 5. Nbd2 Nbd7 6. c4 e6 7. Qc2 Bd6 8. b3 Bh5 9. Bb2 Bg6 10. 0-0 0-0 11. Ne5 Bxe5 12. dxe5 Ng4 13. Bxg6 fxg6 14. Nf3 Rxf3 15. gxf3 Qh4 16. fxg4 Qxg4+ 17. Kh1 Qf3+ 18. Kg1 Qg4+ 1/2-1/2

[Event "ISL-chT 0910"]
[Site "Reykjavik"]
[Date "2010.03.05"]
[Round "5"]
[White "Bjornsson, Sigurbjorn"]
[Black "Fridjonsson, Julius"]
[Result "0-1"]
[WhiteElo "2287"]
[BlackElo "2216"]
[PlyCount "62"]
[EventDate "2009.09.25"]
[EventType "team-tourn"]
[EventRounds "7"]
[EventCountry "ISL"]
[SourceTitle "EXT 2011"]
[Source "ChessBase"]
[SourceDate "2010.11.26"]
[SourceVersion "1"]
[SourceVersionDate "2010.11.26"]
[SourceQuality "1"]

1. e4 c6 2. d4 d5 3. exd5 cxd5 4. c4 Nf6 5. Nc3 e6 6. Nf3 Be7 7. Bd3 0-0 8. 0-0 Nc6 9. a3 dxc4 10. Bxc4 b6 11. Bg5 Bb7 12. Re1 Rc8 13. Ba2 Nd5 14. Bd2 Nxc3 15. Bxc3 Bf6 16. Qd3 Ne7 17. Rad1 Nd5 18. Bb1 g6 19. Bd2 Ne7 20. Ne5 Bg7 21. Qh3 Nf5 22. Bd3 Re8 23. Bb4 Qg5 24. Bb5 Red8 25. Bd7 Rxd7 26. Nxd7 Nh4 27. Qg3 Qd5 28. Rc1 Rd8 29. Rc7 Nxg2 30. Rec1 Nf4 31. Rxb7 Ne2+ 0-1